Sistema regional de áreas protegidas del Eje Cafetero (Registro nro. 5169)

Detalles MARC
000 -CABECERA
Campo de control 00890nam a2200241 a 4500
005 - FECHA Y HORA DE LA ULTIMA TRANSACCION
Campo de control 20200104041556.0
008 - ELEMENTOS DE LONGITUD FIJA—INFORMACION GENERAL
Campo de control 140318b2005 ck a gr|||| 00| 0 spa d
040 ## - FUENTE DE CATALOGACIÓN
Agencia catalogadora original CO-BoIAVH
Agencia transcriptora CO-BoIAVH
041 ## - IDIOMA
Código de idioma para texto/pista de sonido o título separado Español
044 ## - PAÍS DE PUBLICACIÓN
País de publicación Colombia
082 #4 - NUMERO DE CLASIFICACION DECIMAL DEWEY
Número de clasificación 333.72
Número del ítem W66e
100 1# - ASIENTO PRINCIPAL--NOMBRE PERSONAL
Nombre personal Wild , Cathryn
245 1# - MENCION DE TITULO
Título Sistema regional de áreas protegidas del Eje Cafetero
Parte restante del título por la preservación de la diversidad biológica y cultural de la región
260 ## - PUBLICACION, DISTRIBUCION, ETC. (PIE DE IMPRENTA)
Lugar de publicación, distribución, etc. Quindío
Nombre del editor, distribuidor, etc. CORTOLIMA
-- WFN
-- MACARTHUR
-- CRQ
-- Red de Reservas Naturales de la Sociedad Civil
-- WWF
-- Instituto Alexander von Humboldt
Fecha de publicación, distribución, etc. 2005
300 ## - DESCRIPCION FISICA
Extensión 19 paginas.:
Otros detalles físicos ilustraciones;
Dimensiones 28 x 21
650 #4 - ASIENTO SECUNDARIO DE MATERIA - TERMINO TEMATICO
Término temático o nombre geográfico como elemento de entrada Conservación
650 #4 - ASIENTO SECUNDARIO DE MATERIA - TERMINO TEMATICO
Término temático o nombre geográfico como elemento de entrada Desarrollo sostenible
650 #4 - ASIENTO SECUNDARIO DE MATERIA - TERMINO TEMATICO
Término temático o nombre geográfico como elemento de entrada Patrimonio natural
700 1# - ASIENTO SECUNDARIO - NOMBRE PERSONAL
Nombre personal Kattán K., Gustavo
700 1# - ASIENTO SECUNDARIO - NOMBRE PERSONAL
Nombre personal Valderrama A., Carlos
942 ## - ELEMENTOS ADICIONALES (KOHA)
Tipo de ítem Libro
Sistema de clasificación Dewey Decimal Classification
945 ## - PROCESAMIENTO LOCAL
AAAA-MM-DD - Fecha de ingreso o modificacion 2006-01-16
Existencias
Withdrawn status Lost status Sistema de Clasificación Damaged status No para préstamo Colección Inventariado Ubicación Permanente Ubicación actual Fecha de adquisición Fuente de Valor Valor Total Checkouts Número topográfico Inventario / Código de Barras Date last seen Ejemplar Price effective from Forma de adquisición Tipo de material
    Dewey Decimal Classification     General Inventariado 2017 Bogotá Bogotá 16/01/2006 Instituto 15000.00   LB-333.72 W66e 022887 04/12/2012 Ej. 1 04/12/2012   Libro